| 000 | 01449cam a2200313 a 4500 | ||
|---|---|---|---|
| 001 | 17468887 | ||
| 005 | 20170105102915.0 | ||
| 008 | 120920s2013 nyuab b 001 0 eng | ||
| 010 | _a 2012035422 | ||
| 020 | _a9780415537513 (hbk) | ||
| 020 | _a9780203106488 (ebk) | ||
| 040 |
_aDLC _cDLC _dDLC |
||
| 042 | _apcc | ||
| 050 | 0 | 0 |
_aHT241 _b.B68 2013 |
| 082 | 0 | 0 |
_a307.76 _223 |
| 100 | 1 | _aBouteligier, Sofie. | |
| 245 | 1 | 0 |
_aCities, networks, and global environmental governance : _bspaces of innovation, places of leadership / _cSofie Bouteligier. |
| 260 |
_aNew York : _bRoutledge, _c2013. |
||
| 300 |
_axix, 240 p. : _bill., maps ; _c24 cm. |
||
| 490 | 0 | _aCities and global governance | |
| 504 | _aIncludes bibliographical references (p. [209]-235) and index. | ||
| 505 | 0 | _aIntroduction -- City networks for global environmental governance -- Networks, global cities, and environmental flows -- Methodology -- City networks and innovative global environmental governance -- City networks and conventional global environmental governance -- Conclusion: a networked urban world as vehicle for environmental sustainability. | |
| 650 | 0 | _aUrban ecology (Sociology) | |
| 650 | 0 |
_aGlobalization _xEnvironmental aspects. |
|
| 650 | 0 | _aCities and towns. | |
| 906 |
_a7 _bcbc _corignew _d1 _eecip _f20 _gy-gencatlg |
||
| 942 |
_2ddc _cBK |
||
| 999 |
_c15333 _d15333 |
||